Textbook Of Electrical Technology Vol. II (Record no. 322274)

MARC details
000 -LEADER
fixed length control field 00495nam a2200157Ia 4500
008 - FIXED-LENGTH DATA ELEMENTS--GENERAL INFORMATION
fixed length control field 230718s9999 xx 000 0 und d
041 ## - LANGUAGE CODE
Language code of text/sound track or separate title eng
082 ## - DEWEY DECIMAL CLASSIFICATION NUMBER
Classification number 621.37
Item number THE
100 ## - MAIN ENTRY--PERSONAL NAME
Personal name Theraja B.L.
9 (RLIN) 126181
245 ## - TITLE STATEMENT
Title Textbook Of Electrical Technology Vol. II
Remainder of title AC And DC Machines In SI Units
260 ## - PUBLICATION, DISTRIBUTION, ETC. (IMPRINT)
Date of publication, distribution, etc. 2018
Name of publisher, distributor, etc. S. Chand & Company
300 ## - PHYSICAL DESCRIPTION
Extent 865 To 1568
365 ## - TRADE PRICE
Currency code Rs.
Price amount 375.00
700 ## - ADDED ENTRY--PERSONAL NAME
Personal name Theraja B.L. & Theraja A.K.
906 ## - LOCAL DATA ELEMENT F, LDF (RLIN)
d O:0023307-Sep-2009B:109100039612-Aug-2009
c SS
b 637.5
Holdings
Withdrawn status Lost status Damaged status Not for loan Home library Current library Date acquired Vendor Budget Code Cost, normal purchase price Bill number Total Checkouts Full call number Barcode Date last seen Date last checked out Discount Cost, replacement price Bill Date Koha item type Original Barcode
        Cummins College of Engineering for Women Pune Cummins College of Engineering for Women Pune 07/09/2009 Om Book Stall SS 311.25 1091000396 3 621.37 CCEP-BK-33481 29/05/2024 26/04/2024 637.5 375.00 12/08/2009 Books 033481